Countries with interesting national anthems - Statistics

General Stats
  • This quiz has been taken 243 times
  • The average score is 7 of 16
Answer Stats
Hint Answer % Correct
Spain
73%
However, this country has the oldest officially adopted national anthem in the world United Kingdom
71%
This country has the shortest anthem by length of text Japan
69%
The title of the national anthem of Djibouti is... Djibouti
52%
Likewise this country uses the same melody as the Finnish anthem Estonia
52%
This country's anthem has the same melodies as the United Kingdom's, but the lyrics are different Liechtenstein
47%
Charles Gounod's 'March Pontifica' was adopted as the anthem of this country Vatican City
47%
This country's anthem is the longest in the world by length of text Greece
39%
This country has the oldest national anthem in the world Netherlands
37%
These countries' anthems have no official lyrics Bosnia and Herzegovina
33%
This country adopted the anthem of the above country Cyprus
31%
This country doesn't actually have an officially adopted anthem Sweden
29%
San Marino
27%
Kosovo
25%
This country's national anthem is called "Yumi, Yumi, Yumi" Vanuatu
24%
The original lyrics of this country's anthem were written by its president, praising himself. After he died the lyrics were changed. Turkmenistan
16%
No matching quizzes found
Score Distribution
Percent of People with Each Score
Percentile by Number Answered
Your Score History
You have not taken this quiz